000 00490nam a2200205Ia 4500
003 OSt
005 20251205161059.0
008 250729s2005 xx 000 0 und d
020 _a ‎ 978-8171417285
040 _cAL
041 _aeng
082 _a370.78 SHAR
100 _aSharma Vimlesh
_9225913
245 _aResidual sighted children
260 _aNew Delhi
_c2005
300 _a118p
650 _aEducation
_9225914
700 _aRao Digumurthi
_9225915
942 _2ddc
_cBED
999 _c237117
_d237117